[Event "Bucharest Dreptatea+"]
[Site "Bucharest"]
[Date "1996.??.??"]
[Round "4"]
[White "Bets, Anatolij"]
[Black "Kiss, Laurentiu"]
[Result "1-0"]
[WhiteElo "2340"]
[BlackElo "2290"]
[PlyCount "25"]
[EventDate "1996.??.??"]
[EventType "tourn"]
[EventRounds "13"]
[EventCountry "ROU"]
[EventCategory "3"]
[SourceTitle "EXT 2004"]
[Source "ChessBase"]
[SourceDate "2003.11.25"]
[SourceVersion "1"]
[SourceVersionDate "2003.11.25"]
[SourceQuality "1"]

1. d4 d5 2. c4 e6 3. Nc3 c6 4. Nf3 Nf6 5. g3 dxc4 6. Bg2 b5 7. 0-0 Bb7 8. Ne5 Qb6 9. e4 c5 10. a4 a6 11. axb5 cxd4 12. Nxc4 Qc5 13. Na4 1-0

[Event "Bucharest Dreptatea+"]
[Site "Bucharest"]
[Date "1996.??.??"]
[Round "6"]
[White "Chiricuta, Marius"]
[Black "Kiss, Laurentiu"]
[Result "1-0"]
[WhiteElo "2250"]
[BlackElo "2290"]
[PlyCount "69"]
[EventDate "1996.??.??"]
[EventType "tourn"]
[EventRounds "13"]
[EventCountry "ROU"]
[EventCategory "3"]
[SourceTitle "EXT 2004"]
[Source "ChessBase"]
[SourceDate "2003.11.25"]
[SourceVersion "1"]
[SourceVersionDate "2003.11.25"]
[SourceQuality "1"]

1. e4 c5 2. Nf3 d6 3. c3 Nf6 4. Bb5+ Nbd7 5. Qe2 a6 6. Ba4 Qc7 7. 0-0 c4 8. Bc2 e5 9. b3 b5 10. a4 cxb3 11. Bxb3 Nc5 12. Bc2 Nxa4 13. Bxa4 bxa4 14. c4 Be7 15. Nc3 0-0 16. d3 Bd7 17. Nxa4 Rfb8 18. Nc3 a5 19. Bg5 Rb3 20. Bxf6 Bxf6 21. Qc2 Rab8 22. Ra2 Qc5 23. Nd2 R3b7 24. Ndb1 Rb3 25. Nd2 R3b7 26. Rb1 Bd8 27. Rxb7 Rxb7 28. Ndb1 Bc6 29. Na3 Rb4 30. g3 f5 31. exf5 Bb6 32. Ne4 Qd4 33. Nb5 Bxb5 34. cxb5 Bc5 35. Rxa5 1-0

[Event "HUN-chT"]
[Site "Hungary"]
[Date "1993.??.??"]
[Round "?"]
[White "Geller, Arpad"]
[Black "Kiss, Laurentiu"]
[Result "0-1"]
[WhiteElo "2290"]
[BlackElo "2290"]
[PlyCount "112"]
[EventDate "1993.??.??"]
[EventType "team"]
[EventRounds "13"]
[EventCountry "HUN"]
[SourceTitle "TD"]
[Source "ChessBase"]
[SourceDate "1994.03.01"]
[SourceVersion "1"]
[SourceVersionDate "1994.03.01"]
[SourceQuality "1"]

1. d4 d5 2. Nf3 Nf6 3. c4 e6 4. Bg5 Be7 5. e3 0-0 6. Nc3 h6 7. Bh4 b6 8. Be2 Bb7 9. Bxf6 Bxf6 10. cxd5 exd5 11. b4 c5 12. bxc5 bxc5 13. 0-0 Nc6 14. Rb1 cxd4 15. exd4 Bc8 16. Qa4 Ne7 17. h3 Bf5 18. Rb7 Qc8 19. Qb3 Rd8 20. Ne5 Rb8 21. Ba6 Rxb7 22. Bxb7 Qe6 23. Re1 Qd6 24. Na4 Ng6 25. Nc6 Rd7 26. Nxa7 Bxd4 27. Nb5 Bxf2+ 28. Kxf2 Qf4+ 29. Kg1 Rxb7 30. Qxd5 Rd7 31. Qa8+ Kh7 32. Nac3 Qg3 33. Rf1 Nf4 34. Qf3 Qxf3 35. Rxf3 g5 36. a4 Rd8 37. a5 Ra8 38. Nd6 Be6 39. Nb7 Ra7 40. Nc5 Rxa5 41. Nxe6 fxe6 42. Re3 Ra1+ 43. Kh2 Rc1 44. Nb5 Rc2 45. Nd4 Rxg2+ 46. Kh1 e5 47. Nc6 e4 48. h4 Rg4 49. hxg5 Nd5 50. Rh3 Rxg5 51. Rh4 Nf6 52. Rf4 Kg6 53. Ne7+ Kf7 54. Nf5 Ke6 55. Nd4+ Ke5 56. Ne2 Nh5 0-1

[Event "HUN-chT"]
[Site "Hungary"]
[Date "1993.??.??"]
[Round "?"]
[White "Kiss, Laurentiu"]
[Black "Laszlo, Janos"]
[Result "1/2-1/2"]
[WhiteElo "2290"]
[BlackElo "2305"]
[PlyCount "76"]
[EventDate "1993.??.??"]
[EventType "team"]
[EventRounds "13"]
[EventCountry "HUN"]
[SourceTitle "TD"]
[Source "ChessBase"]
[SourceDate "1994.03.01"]
[SourceVersion "1"]
[SourceVersionDate "1994.03.01"]
[SourceQuality "1"]

1. e4 d5 2. exd5 Qxd5 3. Nc3 Qa5 4. d4 Nf6 5. Bc4 Bg4 6. f3 Bf5 7. Nge2 Nc6 8. Be3 0-0-0 9. a3 e5 10. d5 Nd4 11. b4 Bxb4 12. Bxd4 Bxc3+ 13. Bxc3 Qc5 14. Bd3 Bxd3 15. cxd3 Nxd5 16. Bd2 Ne3 17. Bxe3 Qxe3 18. Qd2 Qxd3 19. Qxd3 Rxd3 20. Nc1 Rd5 21. Ke2 Rhd8 22. Nb3 Rd3 23. Rab1 b6 24. Rhc1 R3d5 25. Rc2 Rb5 26. Rbb2 f6 27. Nd2 Rxb2 28. Rxb2 Rd4 29. Rb4 c5 30. Rxd4 exd4 31. g4 Kd7 32. h4 Ke6 33. a4 Kd5 34. Kd3 a6 35. Nc4 b5 36. Nb6+ Ke5 37. Nd7+ Kd5 38. Nb6+ Ke5 1/2-1/2

[Event "HUN-chT"]
[Site "Hungary"]
[Date "1993.??.??"]
[Round "?"]
[White "Lengyel, Levente"]
[Black "Kiss, Laurentiu"]
[Result "1/2-1/2"]
[WhiteElo "2385"]
[BlackElo "2290"]
[PlyCount "54"]
[EventDate "1993.??.??"]
[EventType "team"]
[EventRounds "13"]
[EventCountry "HUN"]
[SourceTitle "TD"]
[Source "ChessBase"]
[SourceDate "1994.03.01"]
[SourceVersion "1"]
[SourceVersionDate "1994.03.01"]
[SourceQuality "1"]

1. d4 d5 2. c4 e6 3. Nc3 Be7 4. Nf3 Nf6 5. Bg5 0-0 6. e3 h6 7. Bh4 b6 8. cxd5 exd5 9. Be2 Bf5 10. 0-0 c6 11. Rc1 Nbd7 12. Ba6 Qb8 13. Bd3 Bxd3 14. Qxd3 Bd6 15. e4 dxe4 16. Nxe4 Nxe4 17. Qxe4 c5 18. Qd5 Re8 19. Rfd1 Nf8 20. dxc5 Bxc5 21. Bg3 Qd8 22. Qf5 Qe7 23. a3 Rad8 24. Re1 Qd7 25. Qxd7 Rxe1+ 26. Rxe1 Rxd7 27. Kf1 Ne6 1/2-1/2

[Event "HUN-chT"]
[Site "Hungary"]
[Date "1993.??.??"]
[Round "?"]
[White "Lukacs, Peter"]
[Black "Kiss, Laurentiu"]
[Result "1/2-1/2"]
[WhiteElo "2455"]
[BlackElo "2290"]
[PlyCount "97"]
[EventDate "1993.??.??"]
[EventType "team"]
[EventRounds "13"]
[EventCountry "HUN"]
[SourceTitle "TD"]
[Source "ChessBase"]
[SourceDate "1994.03.01"]
[SourceVersion "1"]
[SourceVersionDate "1994.03.01"]
[SourceQuality "1"]

1. d4 d5 2. c4 e6 3. Nf3 Be7 4. Nc3 Nf6 5. Bg5 0-0 6. e3 h6 7. Bh4 b6 8. Bd3 Bb7 9. Bxf6 Bxf6 10. cxd5 exd5 11. Rc1 c5 12. Bb1 Re8 13. 0-0 Nd7 14. Qc2 g6 15. Rfd1 Rc8 16. Qd2 Nf8 17. Bd3 Ne6 18. Ne2 Re7 19. b4 cxd4 20. Nexd4 Nxd4 21. Nxd4 Bxd4 22. exd4 Kg7 23. h4 Rxc1 24. Rxc1 Rc7 25. g3 Bc8 26. Qf4 Rxc1+ 27. Qxc1 Be6 28. Bf1 Qd7 29. Qe3 Qc7 30. a3 h5 31. Bg2 Kf8 32. Kh2 Kg7 33. Qg5 Qc2 34. Qf4 Qb3 35. Qe5+ Kh7 36. Qe3 Qxe3 37. fxe3 Kg7 38. e4 dxe4 39. Bxe4 Kf6 40. Kg2 Bf5 41. Bb7 Ke7 42. Kf3 Kd6 43. Kf4 f6 44. Bf3 Be6 45. Be4 Bf7 46. Ke3 Be8 47. Kd2 Bf7 48. Kc3 Kc7 49. Kd3 1/2-1/2

[Event "Budapest Spring op 06th"]
[Site "Budapest"]
[Date "1990.??.??"]
[Round "6"]
[White "Rosenthal, Dirk"]
[Black "Kiss, Laurentiu"]
[Result "1-0"]
[WhiteElo "2305"]
[BlackElo "2425"]
[PlyCount "85"]
[EventDate "1990.03.??"]
[EventType "swiss"]
[EventRounds "9"]
[EventCountry "HUN"]
[SourceTitle "CBM 017 Extra"]
[Source "ChessBase"]
[SourceDate "1990.09.01"]
[SourceVersion "1"]
[SourceVersionDate "1990.09.01"]
[SourceQuality "1"]

1. e4 c5 2. c3 d5 3. exd5 Qxd5 4. Nf3 Nf6 5. d4 Nc6 6. Be2 e6 7. Na3 Qd8 8. Nc2 Be7 9. 0-0 0-0 10. Re1 Qc7 11. Bd3 Rd8 12. Bg5 c4 13. Bf1 b5 14. a4 Rb8 15. axb5 Rxb5 16. Bxc4 Rxb2 17. Bd3 Nd5 18. Bd2 Bf6 19. Na3 Nf4 20. Bf1 Ng6 21. Nb5 Qb6 22. Qa4 a6 23. Na3 Na5 24. Rab1 Nh4 25. Nxh4 Bxh4 26. Be3 Be7 27. Rxb2 Qxb2 28. Nb1 Qb6 29. d5 Qc7 30. Bf4 Qc5 31. d6 Bf8 32. Be3 Qe5 33. f4 Qf5 34. Bb6 Rxd6 35. Bxa5 Bd7 36. Qa2 Qxf4 37. Bc7 Bc6 38. Qxa6 Qh4 39. Bxd6 Bxd6 40. Qc8+ Bf8 41. Rd1 Bd5 42. c4 Qh5 43. Nc3 1-0